Biological water quality assessment

में बचाया:
ग्रंथसूची विवरण
स्वरूप: पुस्तक
भाषा:Undetermined
प्रकाशित: England Longman Group Limited 1981
विषय:
टैग : टैग जोड़ें
कोई टैग नहीं, इस रिकॉर्ड को टैग करने वाले पहले व्यक्ति बनें!
Thư viện lưu trữ: Trung tâm Học liệu Trường Đại học Cần Thơ
LEADER 00525nam a2200169Ia 4500
001 CTU_150715
008 210402s9999 xx 000 0 und d
082 |a 363.7394 
082 |b B615 
245 0 |a Biological water quality assessment 
260 |a England 
260 |b Longman Group Limited 
260 |c 1981 
650 |a Aquaculture,Nuôi trồng thủy sản 
650 |x Environmental aspects,Khía cạnh môi trường 
904 |i Trọng Hải 
980 |a Trung tâm Học liệu Trường Đại học Cần Thơ